000 00661nam a2200205 a 4500
001 10077
003 CO-ViMGA
008 141112s2004 ck r 000 u spa d
040 _aCO-ViMGA
_bspa
_cCO-ViMGA
082 0 4 _a330.16 E13
100 1 _aEastman, Jorge Mario
_912732
245 1 0 _aConcentración de la riqueza y del ingreso en Colombia
260 _aBogotá :
_bDivisión de Ediciones,
_c1979
300 _a1978p.
650 1 4 _aCONCENTRACION DE CAPITALES EN LAS SOCIEDADES ANONIMAS
_912733
650 1 4 _aCONCENTRACION DE LA RIQUEZA
_912734
650 1 4 _aDISTRIBUCION DEL INGRESO EN COLOMBIA
_912735
650 1 4 _aLA TRIBUTACION
_912736
942 _2ddc
_cBK
999 _c21451
_d21451